[Event "GER-chT U20"]
[Site "Naumburg Saale"]
[Date "2014.12.27"]
[Round "1.5"]
[White "Schumann, Steffen"]
[Black "Uhlig, Jessica"]
[Result "1-0"]
[WhiteElo "1821"]
[BlackElo "1276"]
[PlyCount "81"]
[EventDate "2014.12.27"]
[EventType "team-swiss"]
[EventRounds "7"]
[EventCountry "GER"]
[SourceTitle "EXT 2016"]
[Source "ChessBase"]
[SourceDate "2015.10.08"]
[SourceVersion "1"]
[SourceVersionDate "2015.10.08"]
[SourceQuality "1"]
[WhiteTeam "Wildeshausen"]
[BlackTeam "Meuselwitz"]
[WhiteTeamCountry "GER"]
[BlackTeamCountry "GER"]

1. e4 e5 2. Nf3 Nc6 3. Bb5 Nge7 4. 0-0 d6 5. c3 Bd7 6. d4 exd4 7. cxd4 a6 8. Ba4 Ng6 9. Nc3 Be7 10. Re1 0-0 11. Nd5 h6 12. a3 Re8 13. Bc2 Bg4 14. Qd3 Bf6 15. Nxf6+ Qxf6 16. d5 Nce5 17. Nxe5 Nxe5 18. Qg3 Bh5 19. Rb1 Bg6 20. b3 Nd7 21. h4 Qe5 22. Bf4 Qf6 23. Kh1 Kh8 24. Bc1 Rg8 25. Bb2 Qe7 26. f4 Nf6 27. f5 Bh7 28. Qf4 Nh5 29. Qg4 Nf6 30. Qh3 Rae8 31. Qf3 b6 32. g3 a5 33. Kg2 Qd8 34. g4 Nd7 35. Rh1 Ne5 36. Qf4 f6 37. Rh2 Nf7 38. Rbh1 Qd7 39. g5 fxg5 40. hxg5 Nxg5 41. Qxg5 1-0